<?xml version="1.0" encoding="UTF-8"?>
<marc:record xmlns:marc="http://www.loc.gov/MARC21/slim">
   <marc:leader>00000nam a2200000 a 4500</marc:leader>
   <marc:datafield ind1="1" ind2=" " tag="100">
      <marc:subfield code="a">Hohlbein, Wolfgang</marc:subfield>
      <marc:subfield code="4">aut</marc:subfield>
      <marc:subfield code="e">Verfasser/-in</marc:subfield>
   </marc:datafield>
   <marc:datafield ind1="0" ind2="0" tag="245">
      <marc:subfield code="a">Midgard</marc:subfield>
   </marc:datafield>
   <marc:datafield ind1="0" ind2="0" tag="245">
      <marc:subfield code="b">Eine phantastische Geschichte</marc:subfield>
   </marc:datafield>
   <marc:datafield ind1=" " ind2="1" tag="264">
      <marc:subfield code="b">Ueberreuter</marc:subfield>
      <marc:subfield code="c">1997</marc:subfield>
   </marc:datafield>
   <marc:datafield ind1="1" ind2=" " tag="520">
      <marc:subfield code="a">Der Sturm tobt über Midgard, die Wölfe schleichen heulend um das einsame Haus und die Küste erzittert unter der Brandung des Ozeans. Staunend und ungläubig hört der Knabe Lif zu, als die alte Skalla die Legende vom Fimbulwinter erzählt, der das Ende der Menschheit einleiten soll. Demnach sind es nicht die Götter, die die Menschen retten werden, sondern er selbst, Lif, ist dazu auserwählt, das Schicksal aller zu wenden. Er soll den Kampf aufnehmen gegen die abscheulichen Kreaturen der Hel, Drachen, Riesenwölfe und die Midgardschlange - und gegen seinen Zwillingsbruder Lifthrasil, der auf der Seite der Finsternis steht.</marc:subfield>
   </marc:datafield>
   <marc:datafield ind1="3" ind2=" " tag="024">
      <marc:subfield code="a">9783800024889</marc:subfield>
   </marc:datafield>
</marc:record>
